header

Alice Springs (Record no. 108856)

MARC details
000 -LEADER
fixed length control field 01065nam a2200277Ia 4500
100 1# - MAIN ENTRY--AUTHOR NAME
Personal name Hogan, Eleanor.
245 10 - TITLE STATEMENT
Title Alice Springs
260 ## - PUBLICATION, DISTRIBUTION, ETC. (IMPRINT)
Place of publication Sydney :
Name of publisher New South,
Year of publication 2012.
300 ## - PHYSICAL DESCRIPTION
Number of Pages 325 p. :
Other physical details ill.
650 #0 - SUBJECT ADDED ENTRY--TOPICAL TERM
Topical Term Indigenous peoples
856 40 - ELECTRONIC LOCATION AND ACCESS
Uniform Resource Identifier http://site.ebrary.com/lib/rucke/Doc?id=10597164

No items available.

© 2026 Rongo University
Contact us: librarian | system librarian | Rongo university